| 000 | 00937nam a2200229Ia 4500 | ||
|---|---|---|---|
| 003 | GCL | ||
| 008 | 140319s9999 xx 000 0 ara d | ||
| 040 |
_aGCL / _cGCL |
||
| 082 | 0 | 4 |
_a361.763 _bس م |
| 100 | 1 | _aسهام عبدالسلام | |
| 245 | 1 | 0 |
_aالمنظمات الاهلية الصغيرة العاملة فى مجال المراة : _bرؤى واشكاليات / _cسهام عبدالسلام |
| 250 | _aالاولى | ||
| 260 |
_aالقاهرة : _bدار العين للنشر ، _c2005 |
||
| 300 |
_a319 ص ؛ _c24 سم |
||
| 650 | 0 | 4 | _aالمنظمات الاهلية |
| 650 | 0 | 4 | _aالمرأة - المنظمات الاهلية |
| 650 | 0 | 4 | _aالمنظمات غير الهادفة للربح |
| 650 | 0 | 4 | _aالمرأة - احوال اجتماعية - مصر |
| 650 | 0 | 4 | _aالمنظمات الاهلية - مصر |
| 650 | 0 | 4 | _aالمنظمات الاهلية - قوانين وتشريعات |
| 942 |
_2ddc _cBK |
||
| 999 |
_c9785 _d9785 |
||